000 00714nam a2200241Ia 4500
003 OSt
005 20220923212649.0
006 a|||||r|||| 00| 0
007 ta
008 220922b |||||||| |||| 00| 0 hin d
024 _a155,018
037 _cTextual
040 _aARTS
_cARTS
_bhin
041 _2hin
_ahin
082 _aO15,1:gC, 152L8
100 _aमिश्र, हरि मोहन
245 0 _aवैदिक कविता
246 _aVaidik kavitā
260 _aपटना
_b अनुपम प्रकाशन
_c1978
300 _a265 पृ.
_ccm.
942 _hO15,1:gC, 152L8
_cTEXL
_2CC
999 _c310603
_d310603